Statistics for Sydney & Melbourne Suburbs/Neighbourhoods with Same/Similar Names

Click here to take the quiz!

General Stats

  • This quiz has been taken 239 times
  • The average score is 5 of 30

Answer Stats

HintAnswer% Correct
Richmond
59%
Burwood
44%
Epping
40%
Carlton
33%
Surry Hills / Surrey Hills
32%
Brighton le Sands / Brighton
31%
Croydon
24%
Box Hill
21%
SISFlemington
16%
Kensington
16%
Canterbury
15%
Cheltenham
15%
Fairfield
15%
Prestons / Preston
15%
Windsor
14%
SIMAuburn
13%
Cremorne
13%
Sydenham
13%
Abbotsford
10%
Sandringham
10%
Clyde
7%
SIS/SIMEast Richmond
7%
Newport
7%
Kings Park
6%
Avalon Beach / Avalon
5%
Beaconsfield
5%
SIMNorth Richmond
5%
Belfield / Bellfield
4%
Mulgrave
3%
Plumpton
2%

Score Distribution

Percentile by Number Answered

Percent of People with Each Score

Your Score History

You have not taken this quiz